00527nam a22001457a 4500008004100000020000600041040005500047080001600102245016500118260003600283300001000319650001300329653001600342700002300358230320b |||||||| |||| 00| 0 eng d a  aNational Science LibrarycNational Science Library aD 655.3(05) aAdvances in printing science and technology:bProceedings of the 13th international conference of printing research institutes, Wildhaus, Switzerland, May 1975 aLondon: bPentech Press. c1975 a467p. aPrinting aTechnology  aBanks, W. H. (Ed.)